| 000 | 00511nam a2200169 a 4500 | ||
|---|---|---|---|
| 001 | 20817 | ||
| 005 | 20180713214448.0 | ||
| 008 | 140415s1981 000 0 spa d | ||
| 020 | _a96816077228 | ||
| 041 | _aspa | ||
| 082 |
_a338.06 _bORG |
||
| 245 | 0 | 0 | _aORGANIZACION Y DIRECCION INDUSTRIAL |
| 260 |
_a[s.l.] : _bFONDO DE CULTURA ECONOMICA, _c1981 |
||
| 300 | _a882 | ||
| 490 | _aSECCION DE OBRAS DE ECONOMIA | ||
| 650 | 1 | 4 |
_aADMINISTRACION INDUSTRIAL _xMICROECONOMIA _xRELACIONES INDUSTRIALES |
| 999 |
_c20817 _d20817 |
||